00310nam a22001337a 450000500170000000800410001704100080005808200090006610000170007524500300009226000310012230000080015365000150016120160624120424.0160624b xxu||||| |||| 00| 0 eng d aeng b9788 aBangia, R.K. aNegotiable Intruments Act bAllahabad Law Agencyc2004 a183 aManagement